Największe miasta w Polsce - Statystyki

Ogólne statystyki
  • Ten quiz został rozwiązany 28 razy
  • Średni wynik to 18 z 23
Statystyki odpowiedzi
Liczba ludności Miasto % Poprawnych
1700 tyś. Warszawa
100%
295 tyś. Białystok
96%
461 tyś. Gdańsk
96%
247 tyś. Gdynia
96%
760 tyś. Kraków
96%
706 tyś. Łódź
96%
545 tyś. Poznań
96%
634 tyś. Wrocław
96%
357 tyś. Bydgoszcz
92%
301 tyś. Katowice
92%
341 tyś. Lublin
92%
407 tyś. Szczecin
92%
203 tyś. Toruń
92%
185 tyś. Rzeszów
88%
198 tyś. Kielce
84%
217 tyś. Radom
76%
209 tyś. Sosnowiec
76%
177 tyś. Zabrze
76%
230 tyś. Częstochowa
72%
184 tyś. Gliwice
64%
368 tyś. Drewiszowice Podgórne
0%
171 tyś. Jaskowile
0%
331 tyś. Metropolia Chełmkowo-Libiążwoska
0%
Nie znaleziono quizów pasujących do podanych kryteriów
Rozkład punktacji
Procent ludzi z każdym wynikiem
Percentyl według liczby udzielonych odpowiedzi
Twoja historia wyników
Nie rozwiązałeś tego quizu